000 00684nam a2200193Ia 4500
005 20250508155801.0
008 008 250505s9999 xx 000 0 eng d
037 _aDissertations
040 _aFEDL
_beng
_cFEDL
041 _aeng
_2eng
084 _a530.7, SAN/DI
_qFEDL
100 _aSantosh Kumari
245 0 _aStudy of the social positions of physics teachers of Delhi higher secondary schools, their understanding of the nature of their subject and its implications for the treatment of the curriculum
260 _c1976
300 _a99p.
546 _aM. Ed. Dissertation (Delhi University)
942 _cDIS
_h530.7, SAN/DI
999 _c1359278
_d1359278